中国的30个少数民族自治州 - Statistics

General Stats
  • This quiz has been taken 4 times
  • The average score is 26 of 30
Answer Stats
所在省份 自治州 % Correct
吉林省 延边朝鲜族自治州
100%
湖北省 恩施土家族苗族自治州
100%
湖南省 湘西土家族苗族自治州
100%
四川省 阿坝藏族羌族自治州
100%
四川省 凉山彝族自治州
100%
四川省 甘孜藏族自治州
100%
贵州省 黔南布依族苗族自治州
100%
贵州省 黔西南布依族苗族自治州
100%
云南省 楚雄彝族自治州
100%
云南省 西双版纳傣族自治州
100%
甘肃省 临夏回族自治州
100%
甘肃省 甘南藏族自治州
100%
青海省 海南藏族自治州
100%
青海省 海北藏族自治州
100%
青海省 海西蒙古族藏族自治州
100%
青海省 黄南藏族自治州
100%
青海省 果洛藏族自治州
100%
青海省 玉树藏族自治州
100%
新疆维吾尔自治区 伊犁哈萨克自治州
100%
新疆维吾尔自治区 博尔塔拉蒙古自治州
100%
新疆维吾尔自治区 昌吉回族自治州
100%
新疆维吾尔自治区 克孜勒苏柯尔克孜自治州
100%
贵州省 黔东南苗族侗族自治州
67%
云南省 文山壮族苗族自治州
67%
云南省 大理白族自治州
67%
云南省 迪庆藏族自治州
67%
新疆维吾尔自治区 巴音郭楞蒙古自治州
67%
云南省 红河哈尼族彝族自治州
33%
云南省 德宏傣族景颇族自治州
33%
云南省 怒江傈僳族自治州
33%
No matching quizzes found
Score Distribution
Percent of People with Each Score
Percentile by Number Answered
Your Score History
You have not taken this quiz